Geography Quiz

Random Geography or City Quiz

Top Asia/Pacific Destinations for Americans 2014 Quiz Stats

 Plays Quiz not verified by Sporcle

Score 0/12 Timer 01:30
0 Plays Today
Rank # City/Place % Correct
1Tokyo
100%
9Beijing
90.7%
8Shanghai
87%
7Seoul
85.2%
2Hong Kong
79.6%
5Bangkok
75.9%
4Singapore
66.7%
Sydney
66.7%
10Taipei
53.7%
6Dubai
46.3%
3Istanbul
33.3%
11Bali
29.6%

You're not logged in!

Compare scores with friends on all Sporcle quizzes.
OR
Log In

Sporcle TV

Today on Sporcle TV


Watch our educational content, quiz creation guides, and fun videos on Sporcle TV.

Show Comments

Extras

Top Quizzes Today


Score Distribution

Your Account Isn't Verified!

In order to create a playlist on Sporcle, you need to verify the email address you used during registration. Go to your Sporcle Settings to finish the process.

Report this User

Report this user for behavior that violates our Community Guidelines.

Details: